Los Monumentos arqueológicos del Vallés /
Descripción Física:
Il·lustracions
Colección:
San Jorge,
; núm. 16 (octubre 1954), pàg 49-56
Idioma:
Español
MARC
| LEADER | 00000naa a2200000 a 4500 | ||
|---|---|---|---|
| 003 | Arxiu | ||
| 005 | 20260324181039.0 | ||
| 008 | 160829s1954 spcaxx s spa c | ||
| 040 | |a AGDB | ||
| 100 | 1 | |a Verrié, F.-P. |q (Frederic-Pau), |d 1920-2017 |9 29681 | |
| 245 | 1 | 4 | |a Los Monumentos arqueológicos del Vallés / |c por F. -P. Verrié |
| 300 | |b Il·lustracions | ||
| 490 | |a San Jorge, |v núm. 16 (octubre 1954), pàg 49-56 | ||
| 650 | 0 | |a Monuments |9 31077 |z Vallès (Catalunya) | |
| 650 | 0 | |a Antiguitats (Arqueologia) |9 55144 |z Vallès (Catalunya) | |
| 773 | |t San Jorge. |g Núm. 16 (octubre 1954), pàg 49-56 | ||
| 901 | |a Arxiu | ||
| 942 | |n 1 |2 udc |c ART | ||
| 952 | |0 0 |1 0 |4 0 |6 REV509 |7 1 |9 65048 |a Arxiu |b Arxiu |d 2023-01-17 |l 0 |o Rev-509 |r 2023-01-17 00:00:00 |w 2023-01-17 |y ARXIU |z També disponible a Rev-523 | ||
| 999 | |c 48810 |d 48810 | ||